Statistics for 王者荣耀所有英雄名字

Click here to take the quiz!

General Stats

  • This quiz has been taken 109 times
    (57 since last reset)
  • The average score is 51 of 119

Answer Stats

Answer% Correct
小乔
84%
关羽
82%
张飞
79%
大乔
79%
曹操
79%
孙尚香
76%
鲁班七号
76%
刘备
74%
后羿
68%
孙悟空
68%
狄仁杰
68%
安琪拉
68%
王昭君
66%
赵云
66%
妲己
66%
李元芳
66%
百里守约
63%
孙策
63%
吕布
63%
63%
貂蝉
63%
武则天
63%
甄姬
61%
周瑜
61%
项羽
61%
阿轲
61%
韩信
61%
马超
58%
诸葛亮
58%
虞姬
58%
猪八戒
58%
不知火舞
58%
黄忠
58%
孙膑
55%
亚瑟
55%
兰陵王
55%
李白
53%
百里玄策
53%
嬴政
53%
鲁班大师
53%
白起
50%
娜可露露
47%
杨玉环
47%
47%
蔡文姬
47%
司马懿
45%
盾山
45%
刘禅
45%
刘邦
45%
芈月
45%
典韦
42%
张良
42%
42%
西施
42%
马可波罗
42%
程咬金
39%
廉颇
39%
朵莉亚
39%
庄周
39%
老夫子
39%
宫本武藏
37%
蒙恬
37%
墨子
37%
伽罗
37%
37%
钟馗
37%
橘右京
37%
沈梦溪
34%
花木兰
34%
34%
海诺
34%
达摩
34%
夏洛特
34%
夏侯惇
34%
东皇太一
34%
牛魔
32%
司空震
32%
裴擒虎
32%
公孙离
32%
海月
32%
苏烈
32%
敖隐
32%
成吉思汗
32%
金蝉
29%
元歌
29%
鬼谷子
29%
莱西奥
29%
姜子牙
29%
哪吒
29%
亚连
29%
太乙真人
29%
艾琳
29%
姬小满
29%
大司命
26%
女娲
26%
弈星
26%
露娜
26%
扁鹊
26%
盘古
26%
米莱狄
26%
戈娅
24%
云中君
24%
上官婉儿
24%
嫦娥
24%
蒙犽
24%
阿古朵
24%
狂铁
21%
明世隐
21%
李信
21%
21%
高渐离
18%
赵怀真
18%
干将莫邪
18%
钟无艳
16%
梦奇
16%
云缨
16%
桑启
16%
杨戬
11%
雅典娜
8%

Score Distribution

Percentile by Number Answered

Percent of People with Each Score

Your Score History

You have not taken this quiz since the last reset